Catálogo

SRIMAD BHAGAVATAM : (Registro nro. 58102)

Detalles MARC
000 -LEADER
fixed length control field 00623nam a2200181 a 4500
001 - CONTROL NUMBER
control field 58102
005 - DATE AND TIME OF LATEST TRANSACTION
control field 20180714054553.0
008 - FIXED-LENGTH DATA ELEMENTS--GENERAL INFORMATION
fixed length control field 140415s1976 xxu 000 0 spa d
041 ## - LANGUAGE CODE
Language code of text/sound track or separate title spa
082 ## - DEWEY DECIMAL CLASSIFICATION NUMBER
Classification number 294.5
Item number SRI
245 00 - TITLE STATEMENT
Title SRIMAD BHAGAVATAM :
Remainder of title PRIMER CANTO-CAPITULOS 12-15
260 ## - PUBLICATION, DISTRIBUTION, ETC.
Place of publication, distribution, etc. ESTADOS UNIDOS DE AMERICA :
Name of publisher, distributor, etc. INDETERMINADO,
Date of publication, distribution, etc. 1976
300 ## - PHYSICAL DESCRIPTION
Extent 303
Dimensions 14 x 2.4 x 21.6
490 ## - SERIES STATEMENT
Series statement COL. ARCHIVO MOTOLINIA
650 14 - SUBJECT ADDED ENTRY--TOPICAL TERM
Topical term or geographic name entry element AC BHAKTIVEDANTA SWAMI PRABHUPADA, 1896
General subdivision 1977.
-- VEDAS
-- HARE KRISHNA
-- RELIGION
700 1# - ADDED ENTRY--PERSONAL NAME
Personal name ALEJANDRO CASTILLO
Relator term tr.
740 ## - ADDED ENTRY--UNCONTROLLED RELATED/ANALYTICAL TITLE
Uncontrolled related/analytical title SCRIMAD-BHAGAVATAM, FIRST CANTO, CREATION
Existencias
Withdrawn status Lost status Source of classification or shelving scheme Damaged status Not for loan Collection code Home library Current library Shelving location Date acquired Source of acquisition Inventory number Total Checkouts Full call number Barcode Date last seen Price effective from Koha item type Public note
    Dewey Decimal Classification   Consulta en sala Archivo Motolinia Biblioteca Karol Wojtyla Biblioteca Karol Wojtyla Sala "Colecciones Especiales" 03/12/2013 Compra 151000000000000000082244   294.5 SRI 87638 05/01/2026 03/12/2013 Libro Motolinia